Responses for show #8452 - Tuesday, July 27, 2021

Matt Amodio game 5.
Champion's winnings & consolation amounts matched to Reading is Fundamental.

Contestants

[<< previous game]

Jon Waters, a contracts manager and political consultant from Mukilteo, Washington

Barb Fecteau, a high school librarian from Beverly, Massachusetts

Matt Amodio, a Ph.D. student from New Haven, Connecticut (whose 4-day cash winnings total $122,400)

[next game >>]

Jeopardy! Round responses

ALPHABETICALLY NEXT GEOGRAPHY
YOU'VE GOT SOME NERVE
MINNEAPOLIS: NEWS CLUES
(LeVar: Presented by the Minneapolis KARE 11 News team.)
LISTEN UP!
HURRICANES
"BY" & "BI"
(LeVar: Each response, players, begins with "B-Y" or "B-I".)
    $200 8
Ontario

Barb
    $200 28
tongue

Matt
    $200 30
(LeVar: We'd like to thank the News team at KARE 11 in Minneapolis.)

Purple Rain

Barb
    $200 29
crickets

Barb
    $200 17
(Matt: What's 5?)
(Barb: What is Category 5?)

Category 1

MattBarbJon
    $200 21
bygones

Matt
    $400 24
San Diego

Barb
    $400 26
tear

Matt
    $400 27
Mall of America

Matt
    $400 25
humpback

Matt
    $400 18
the eye

Barb
    $400 20
binary

Jon
    $600 23
Chile

Jon
    $600 22
the median

Barb
    $600 9
Jesse Ventura

Jon
    $600 16
a garbage disposal

Jon
    $600 19
land (landfall)

Barb
    $600 12
byline

Matt
    $800 15
Helena

Triple Stumper
    $4,400 13
olfactory

Matt
    $800 10
a hip replacement

Barb
    $800 5
sitar

Matt
    $800 6
Hurricane Rita

Triple Stumper
    $800 11
bicameral

Barb
    $1000 3
Uzbekistan

Barb
    $1000 4
vagus

Matt
    $1000 14
(Matt: What's Moore? Mary Tyler Moore?)
(Jon: What is Mary Hart?)

Mary Richards

MattBarbJon
    $1000 1
Wilhelm (the Wilhelm scream)

Matt
    $1000 2
Maria

Matt
    $1000 7
bypass

Jon

Scores at the first commercial break (after clue 15):

Matt Barb Jon
$7,800 $3,800 $600

Scores at the end of the Jeopardy! Round:

Matt Barb Jon
$9,200 $6,000 $2,400

Double Jeopardy! Round responses

THE KNIGHTS TEMPLAR
SCIENCE FICTION
AT THE BEACH
'80s LADIES
ACTORS SING
WORLD OF JOBS
    $400 26
the Pope

Barb
    $400 28
stars (suns)

Matt
    $400 29
[The end-of-round signal sounds.]

coral

Barb
    $400 23
(LeVar: [After the next selection] Less than a minute, players.)

(Sally) Ride

Matt
    $400 1
Sweeney Todd

Barb
    $800 25
a bank

Jon
    $800 24
Jupiter

Matt
    $800 6
LEGOs

Matt
    $800 22
(Matt: What's... Jones?)
(Barb: Who is Jackie Joyner-Kersee?)

"Flo-Jo" (Florence Griffith Joyner)

MattBarb
Triple Stumper
    $800 2
Heath Ledger

Jon
    $800 27
judge

Matt
    $1200 9
grand master

Matt
    $1200 13
hothouse

Jon
    $1200 14
Bahamas

Matt
    $1200 21
Just say no

Barb
    $1200 3
Gene Wilder

Barb
    $2,000 10
(Matt: What's... gardener?)

florist

Matt
    $1600 7
(Matt: What's cross?)
(LeVar: More specific, please.)
(Matt: Uh, uh, Christian cross?)
(Barb: What's a crucifix?)

red cross

MattBarb
Triple Stumper
    $8,400 8
Rama

Matt
    $1600 15
Caicos

Matt
    $1600 20
Geraldine Ferraro

Barb
    $1600 4
Brie Larson

Barb
    $1600 17
farmer

Triple Stumper
    $2000 12
France

Triple Stumper
    $2000 11
Ceres

Matt
    $2000 16
Vladivostok

Matt
    $2000 19
Vanity Fair

Barb
    $2000 5
Walk the Line

Jon
    $2000 18
a plumber

Triple Stumper

Scores at the end of the Double Jeopardy! Round:

Matt Barb Jon
$24,400 $12,400 $7,200

[wagering suggestions for these scores]

Final Jeopardy! Round responses

MYTHOLOGICAL ANIMALS
(LeVar: [To Barb] The mythic bird that died in fire, a new [*] arose from the ashes.)
JonWhat is Cyclops?
$7,150
BarbWhat is a Phoenix?
$12,210
MattWhat is phoenix?
$1,000
the phoenix

Final scores:

Matt Barb Jon
$25,400 $24,610 $50
5-day champion: $147,800 2nd place: $2,000 3rd place: $1,000

Game dynamics:

Coryat scores:

Matt Barb Jon
$16,000 $12,400 $7,200
22 R
(including 2 DDs),
5 W
(including 1 DD)
19 R,
3 W
10 R,
1 W

Combined Coryat: $35,600

The J! Archive is created by fans, for fans. The Jeopardy! game show and all elements thereof, including but not limited to copyright and trademark thereto, are the property of Jeopardy Productions, Inc. and are protected under law. This website is not affiliated with, sponsored by, or operated by Jeopardy Productions, Inc. Join the discussion at JBoard.tv.